Kisah-Kisah Menajubkan

Bibliographic Details
Main Author: Abul Fadhl Al-Hiyari
Format: Book
Published: Jakarta Selatan : Penerbit Qorina , 2003
Subjects:

MARC

LEADER 00000cam a2200000 7i4500
001 0000059665
005 20160530.0
008 160210
020 |a 9789793981086 
020 |a 9793981083 
090 0 0 |a 297.161   |b ABU 
100 1 |a Abul Fadhl Al-Hiyari 
245 1 0 |a Kisah-Kisah Menajubkan   |c Abul Fadhl Al-Hiyari 
260 |a Jakarta Selatan :   |b Penerbit Qorina ,   |c 2003 
300 |a 381pg. :   |b Col.ill 
650 0 |a Islam & Religions 
999 |a 0001049811   |b Book   |c Children Collection   |e Cawangan Taman Universiti 
999 |a 0001049812   |b Book   |c Adult Collection   |e Cawangan Bukit Gambir